| 000 | 00756nam a2200205 4500 | ||
|---|---|---|---|
| 001 | 115938 | ||
| 003 | ES-MaACL | ||
| 005 | 20231230062955.0 | ||
| 007 | t| | ||
| 008 | 061121s1947 sp r ||||1| spa d | ||
| 100 | 1 |
_aOrtiz Muñoz, Luis _987632 |
|
| 245 | 1 | 0 |
_aSemana Santa en Sevilla / _cintroducción y acotaciones literarias Luis Ortiz Muñoz ; antología fotográfica de Luis Arenas ; prólogo de Joaquín Romero y Marube. |
| 260 |
_aMadrid : _b[s.n.], _c1947 ( _eVitoria : _fHuecograbado Fournier) |
||
| 300 |
_aXIX, 309 p., 192 lám. ; _c32 cm. |
||
| 650 | 4 |
_aSemana Santa- _zSevilla. _9139242 |
|
| 700 | 1 |
_aArenas, Luis. _922599 |
|
| 700 | 1 |
_aRomero y Marube, Joaquín. _999452 |
|
| 852 |
_aES-MaACL _jB-756 |
||
| 999 |
_c115938 _d115938 |
||